000
00289nam a2200109Ia 4500
008
220204s9999 xx 000 0 und d
082
_a
658.8
_b
BAS
245
0
_a
Basic concepts in marketing management
260
_a
USA
_b
Harward College
_c
1960
650
_a
Marketing management
942
_c
BK
999
_c
39222
_d
39222